000 00518nam a2200241 a 4500
001 nice12345678
003 IN_TiNIC
005 20260116011450.0
008 050524s1937 a grp 000 0 eng
020 _a
_c100
082 0 0 _a244
_bWAL
100 _aWallace, Lew
245 _aBen-Hur
260 _a
_b
_c1937
300 _a504p
500 _aincludes index and biblioraphy
505 2 _aTurkish
650 _aBible Stories
700 1 _aWallace, Lew
902 _bRBA
942 _cBK
999 _c1789
_d1789